| 000 | 00788nam a2200253 i 4500 | ||
|---|---|---|---|
| 001 | bg | ||
| 100 | 1 | _aSZTUCKI, Tadeusz | |
| 245 | 1 | 0 |
_aMarketing : _bsposób myślenia, system działania / _cTadeusz Sztucki. |
| 250 | _a[Wyd. 3]. | ||
| 260 |
_aWarszawa : _b"Placet", _c1996. |
||
| 300 |
_a223 s. : _brys. ; _c24 cm. |
||
| 490 | 1 |
_aBiblioteka Biznesmena ; _v1 |
|
| 500 | _aU dołu s. tyt. : Teoria i praktyka marketingu : kluczowe pytania i odpowiedzi, polsko-angielska terminologia marketingu. - Tekst częśc. ang. | ||
| 504 | _aIndeks. | ||
| 650 | 9 | _aMarketing | |
| 830 | _aBiblioteka Biznesmena ; | ||
| 020 | _a8385428048 | ||
| 040 | _cBPK | ||
| 041 | 0 | _aplen | |
| 080 | _a339.138 | ||
| 920 | _a83-85428-04-8 | ||
| 942 | _cKS | ||
| 008 | s pl f |000 0 pol | ||
| 999 |
_c31323 _d31323 |
||
| 856 |
_uhttp://koha.tu.koszalin.pl/cgi-bin/koha/opac-detail.pl?biblionumber=31323 _yKatalog online BPK |
||